La democracia y la sociedad española (Record no. 23338)

MARC details
000 -LEADER
campo de control de longitud fija 00789nam a2200229 i 4500
001 - NÚMERO DE CONTROL
campo de control 23338
003 - IDENTIFICADOR DE NÚMERO DE CONTROL
campo de control ES-MaACL
005 - FECHA Y HORA DE LA ÚLTIMA TRANSACCIÓN
campo de control 20250819063029.0
007 - CAMPO FIJO DE DESCRIPCIÓN FÍSICA--INFORMACIÓN GENERAL
campo de control de longitud fija t|
008 - DATOS DE LONGITUD FIJA--INFORMACIÓN GENERAL
campo de control de longitud fija 021210s1982 sp |||| | spa d
080 ## - NÚMERO DE LA CLASIFICACIÓN DECIMAL UNIVERSAL
Número de la Clasificación Decimal Universal 321.7(042)
080 ## - NÚMERO DE LA CLASIFICACIÓN DECIMAL UNIVERSAL
Número de la Clasificación Decimal Universal 32(460)"1975/.."(042)
100 1# - ENTRADA PRINCIPAL--NOMBRE DE PERSONA
Nombre de persona Álvarez, José Luis,
Fechas asociadas al nombre 1930-
9 (RLIN) 151352
245 13 - MENCIÓN DEL TÍTULO
Título La democracia y la sociedad española
Resto del título : conferencia pronunciada el 4 de octubre de 1982 en el Club Siglo XXI /
Mención de responsabilidad, etc. por José Luis Álvarez.
260 ## - PUBLICACIÓN, DISTRIBUCIÓN, ETC.
Lugar de publicación, distribución, etc. Madrid :
Nombre del editor, distribuidor, etc. Unión Editorial,
Fecha de publicación, distribución, etc. 1982] (
Fabricante Imp. Héroes)
300 ## - DESCRIPCIÓN FÍSICA
Extensión 23 p. ;
Dimensiones 21 cm.
650 #7 - PUNTO DE ACCESO ADICIONAL DE MATERIA--TÉRMINO DE MATERIA
Término de materia o nombre geográfico como elemento de entrada Democracia
Fuente del encabezamiento o término embne
9 (RLIN) 11574
651 #4 - PUNTO DE ACCESO ADICIONAL DE MATERIA--NOMBRE GEOGRÁFICO
Nombre geográfico España-
Subdivisión general Política y gobierno-
Subdivisión cronológica 1975-1982.
9 (RLIN) 8447
710 2# - ENTRADA AGREGADA--NOMBRE DE ENTIDAD CORPORATIVA
Nombre de entidad corporativa o nombre de jurisdicción como elemento de entrada Club Siglo XXI.
9 (RLIN) 2868
852 ## - LOCALIZACIÓN
Ubicación ES-MaACL
Número de control de estantería 2123-F-12
Holdings
Estatus retirado Estado de pérdida Estado de daño No para préstamo Colección Biblioteca de origen Biblioteca actual Ubicación en estantería Fecha de adquisición Fuente de adquisición Total de préstamos Signatura topográfica completa Código de barras Visto por última vez Precio de reemplazo Tipo de ítem Koha
        Colección de folletos Biblioteca del Ateneo de Madrid Biblioteca del Ateneo de Madrid Depósito folletos 17/01/2008     2123-F-12 1024044 23/02/2023 23/02/2023 Folleto